Normal view
MARC view
Entry Nome pessoal
001 - NÚMERO DE CONTROLE
- campo de controle: 637
003 - IDENTIFICADOR DO NÚMERO DE CONTROLE
- campo de controle: Br
005 - DATA E HORÁRIO DA ÚLTIMA TRANSAÇÃO
- campo de controle: 20250326094031.0
008 - CAMPO DE DADOS FIXOS
- campo de controle de tamanho fixo: 050131|acnnnaab| aaaaa d
035 ## - NÚMERO DE CONTROLE DO SISTEMA
- Número de Controle do Sistema: 2005013109133513med
040 ## - FONTE DA CATALOGAÇÃO
- Instituição da catalogação original: Br
- Instituição que transcreveu o registro: Br
- Convenções de cabeçalho de assunto/tesauros: Br
100 1# - CABEÇALHO--NOME PESSOAL
- Nome pessoal: Steinbeck, John,
- Datas associadas ao nome: 1902-1968.
400 1# - REMISSIVA VER--NOME PESSOAL
- Nome pessoal: Steinbeck, John Ernst
- Datas associadas ao nome: 1902-1968
670 ## - FONTE POSITIVA DOS DADOS
- Citação da fonte positiva dos dados: Autor de: As vinhas da era. 2001.
- Dados encontrados na fonte localizada no subcampo: (orelha: nasceu em 1902, em Salinas, California e morreu em 1968)
670 ## - FONTE POSITIVA DOS DADOS
- Citação da fonte positiva dos dados: LC authorities 28/1/05
- Dados encontrados na fonte localizada no subcampo: (D.; rem.)